Missing Word: Dustin Hoffman Films Quiz Stats

 Plays Quiz Updated Mar 18, 2013

Challenge
Share
Tweet
Embed
Score 0/18 Timer 02:00
2 Plays Today
Movie Title Missing Word % Correct
Kramer vs ______Kramer
97.2%
_____ Fu PandaKung
96.3%
____ TracyDick
90.3%
Wag the ___Dog
85.1%
_______ Than FictionStranger
83.5%
Meet the _______Fockers
79.3%
Little ___ ManBig
64.5%
All the __________ MenPresident's
62.8%
_______ JuryRunaway
58%
Movie Title Missing Word % Correct
____ ManRain
56%
Midnight ______Cowboy
54.3%
Last Chance ______Harvey
39.7%
Finding _________Neverland
37.9%
________ ManMarathon
24.3%
______ StripesRacing
18%
Billy ________Bathgate
12.6%
John and ____Mary
11.2%
_______ - The Story of a MurdererPerfume
6.5%

Today's Daily Dose

You're not logged in!

Compare scores with friends on all Sporcle quizzes.
Join for Free
OR
Log In

You Might Also Like...

Show Comments

Extras

Top Quizzes Today


Score Distribution

Your Account Isn't Verified!

In order to create a playlist on Sporcle, you need to verify the email address you used during registration. Go to your Sporcle Settings to finish the process.

Report this User

Report this user for behavior that violates our Community Guidelines.

Details: